Central Library OPAC University of Rajshahi

Public policy and the modern corporation : (Record no. 4061)

MARC details
000 -LEADER
fixed length control field 00955cam a22002891 4500
001 - CONTROL NUMBER
control field 4061
003 - CONTROL NUMBER IDENTIFIER
rucl marc code BD-RjUL
005 - DATE AND TIME OF LATEST TRANSACTION
control field 20211208233827.0
008 - FIXED-LENGTH DATA ELEMENTS--GENERAL INFORMATION
fixed length control field 131221s1966 nyua b 000 0 eng d
035 ## - SYSTEM CONTROL NUMBER
System control number (BD-RjUL) 4095
System control number (OCoLC)231543
040 ## - CATALOGING SOURCE
Original cataloging agency DLC
Transcribing agency ODaWU
Modifying agency OCoLC
-- OAU
-- DLC
-- (BD-RjUL)
Language of cataloging eng
041 ## - LANGUAGE CODE
Language code of text/sound track or separate title eng
082 ## - DEWEY DECIMAL CLASSIFICATION NUMBER
Classification number 338.973
Author mark and year GRP
100 1# - MAIN ENTRY--PERSONAL NAME
Personal name Grunewald, Donald,
9 (RLIN) 12914
245 10 - TITLE STATEMENT
Title Public policy and the modern corporation :
Remainder of title selected readings /
Statement of responsibility, etc. [edited by] Donald Grunewald [and] Henry L. Bass.
260 ## - PUBLICATION, DISTRIBUTION, ETC. (IMPRINT)
Place of publication, distribution, etc. New York,
Name of publisher, distributor, etc. Appleton-Century-Crofts
Date of publication, distribution, etc. [1966]
300 ## - PHYSICAL DESCRIPTION
Pagination ix, 380 p.
Illustrations illus. ;
Size 24 cm.
504 ## - BIBLIOGRAPHY, ETC. NOTE
Bibliography, etc Bibliographical footnotes.
650 #0 - SUBJECT ADDED ENTRY--TOPICAL TERM
Topical term or geographic name as entry element Antitrust law.
Geographic subdivision United States.
9 (RLIN) 12915
Topical term or geographic name as entry element Corporation law
Geographic subdivision United States.
9 (RLIN) 12916
Topical term or geographic name as entry element Corporations
Geographic subdivision United States.
9 (RLIN) 7932
700 1# - ADDED ENTRY--PERSONAL NAME
Personal name Bass, Henry L.,
Relator term joint ed.
942 ## - ADDED ENTRY ELEMENTS (KOHA)
Source of classification or shelving scheme Dewey Decimal Classification
Koha item type Books
Holdings
Lost status Source of classification or shelving scheme Damaged status Not for loan Collection code Permanent Location Current Location Shelving location Date acquired Source of acquisition Cost, normal purchase price Total Checkouts Full call number Date last seen Copy number Koha item type
  Dewey Decimal Classification   Not For Loan Non-fiction Central Library, University of Rajshahi Central Library, University of Rajshahi Reading Room 24/06/1970 Zeitlinger 37.00   338.973 GRP 1966 21/12/2013 C-1 Books
  Dewey Decimal Classification     Non-fiction Central Library, University of Rajshahi Central Library, University of Rajshahi   24/06/1970 Zeitlinger 37.60   338.973 GRP 1966 25/07/2016 C-3 Books
  Dewey Decimal Classification     Non-fiction Central Library, University of Rajshahi Central Library, University of Rajshahi   24/06/1970 Zeitlinger 37.60   338.973 GRP 1966 25/07/2016 C-4 Books